Vista normal
Vista MARC
Entrada Materia (tema)
Número de registros utilizados en: 1
001 - CONTROL NUMBER
- control field: 95860
003 - CONTROL NUMBER IDENTIFIER
- control field: Co-BoUCM
005 - DATE AND TIME OF LATEST TRANSACTION
- control field: 20190322125215.0
008 - FIXED-LENGTH DATA ELEMENTS
- fixed length control field: 190322|| aca||aabn | a|a d
040 ## - CATALOGING SOURCE
- Original cataloging agency: Co-BoUCM
- Transcribing agency: Co-BoUCM
150 ## - HEADING--TOPICAL TERM
- Topical term or geographic name as entry element: Latín
- Form subdivision: Diccionarios
- General subdivision: Francés
670 ## - SOURCE DATA FOUND
- Source citation: Work cat.: (Co-BoUCM)311801: Lebaigue, Ch. 1820-1903 (Charles) 95796, Dictionnaire Latin – Français rédigé spécialemente a l’usage des clases , 1922